Edward Barker v Hambleton District Council (Record no. 84211)
[ view plain ]
| 000 -LEADER | |
|---|---|
| fixed length control field | 01369cad a22002175a 4500 |
| 001 - CONTROL NUMBER | |
| control field | L156956 |
| 008 - FIXED-LENGTH DATA ELEMENTS--GENERAL INFORMATION | |
| fixed length control field | 120731e2012 xxk 000 0 eng d |
| 035 ## - SYSTEM CONTROL NUMBER | |
| System control number | (Sirsi) u156956 |
| 041 0# - LANGUAGE CODE | |
| Language code of text/sound track or separate title | eng |
| 245 00 - TITLE STATEMENT | |
| Title | Edward Barker v Hambleton District Council |
| 260 ## - PUBLICATION, DISTRIBUTION, ETC. | |
| Date of publication, distribution, etc. | 2012 |
| 520 ## - SUMMARY, ETC. | |
| Summary, etc. | [2012] EWCA Civ 610, 9 May 2012. Concerns the application to quash part of the "Hambleton Allocations Development Plan Document"(ADPD), a processed governed by s113 of the Planning and Compulsory Purchase Act 2004. Appellant B's application was dismissed in the Administrative Court for want of jurisdiction on the basis that it was out of time. B appealed. "Held": appeal dismissed. No impairment of "the very essence" of the right of access to the court had occurred. Planning cases are not simply of bilateral significance: other parties were entitled to assume, without the need to engage in litigation, that if no valid application was made within the statutory time limit, the ADPD would be beyond challenge. |
| 590 ## - LOCAL NOTE (RLIN) | |
| Local note | KA |
| 650 24 - SUBJECT ADDED ENTRY--TOPICAL TERM | |
| Topical term or geographic name entry element | EDWARD BARKER V HAMBLETON DC |
| 650 24 - SUBJECT ADDED ENTRY--TOPICAL TERM | |
| Topical term or geographic name entry element | HINDE V RUGBY BC |
| 650 24 - SUBJECT ADDED ENTRY--TOPICAL TERM | |
| Topical term or geographic name entry element | PLANNING AND COMPULSORY PURCHASE ACT 2004 S113 |
| 651 #4 - SUBJECT ADDED ENTRY--GEOGRAPHIC NAME | |
| Geographic name | England and Wales |
| Chronological subdivision | 1543- |
| 690 ## - LOCAL SUBJECT ADDED ENTRY--TOPICAL TERM (OCLC, RLIN) | |
| Topical term or geographic name as entry element | Planning and development |
| 9 (RLIN) | 6259 |
| 856 40 - ELECTRONIC LOCATION AND ACCESS | |
| Uniform Resource Identifier | <a href="https://www.bailii.org/ew/cases/EWCA/Civ/2012/610.html">https://www.bailii.org/ew/cases/EWCA/Civ/2012/610.html</a> |
| Public note | View the law report at www.bailii.org |
| 942 ## - ADDED ENTRY ELEMENTS (KOHA) | |
| Suppress in OPAC | 0 |
| Withdrawn status | Lost status | Source of classification or shelving scheme | Damaged status | Not for loan | Home library | Current library | Shelving location | Date acquired | Total Checkouts | Full call number | Barcode | Date last seen | Copy number | Price effective from | Koha item type |
|---|---|---|---|---|---|---|---|---|---|---|---|---|---|---|---|
| Dewey Decimal Classification | Virtual | Virtual | Online | 31/07/2012 | ONLINE PUBLICATION | 156956-2001 | 06/08/2019 | 1 | 06/08/2019 | Law report |